01023nam0a22002051i 4500001001100000005001700011021001900028035002600047100004100073101000800114102000700122105001800129200053300147210002600680215002200706700002900728801001800757801002200775852002000797rc\369033920240726024330.0 aRUb[69-20904] a(NLR Aleph) 007756520 a20130115d1969 |||y0rusy50 ca0 arus aRU ay d |||||1 aИсследование работы комплекса транспортного и отвального оборудования при экскаваторном отвалообразованииe(На примере Сарбайского карьера Соколовско-Сарбайского горнообогатит. комбината)eАвтореферат дис. на соискание учен. степени канд. техн. наукe(312)fАН Каз. ССР. Ин-т горного дела aАлма-Атаd1969 a28 с.cграф. 1aКарпыковbС.С. 0aRUbNLRgpsbo 1aRUbELAR2rusmarc aNLRj69-4/11634